Skip to main content
Your cart is empty.
Your lists
Log in to create your own lists
Your cookies
العربية
English
العربية
Home
Search
Advanced search
Authority search
About
The noble scholar, jurist, historian
His Excellency Dr. Abdul Wahhab bin Ibrahim Abu Sulaiman, may Allah have mercy on him.
He was born in Umm Al-Qura in the year 1356 AH.
Library catalog
Title
Author
Subject
ISBN
ISSN
Series
Call number
Log in to your account
×
Login:
Password:
Home
MARC view: فوائد شريفة وقواعد لطيفة في معرفة اصطلاحات القاموس /
Normal view
MARC view
ISBD view
فوائد شريفة وقواعد لطيفة في معرفة اصطلاحات القاموس / (Record no. 14668)
[
view plain
]
MARC details
000 -LEADER
fixed length control field
02632ctm a2200313 i 4500
003 - CONTROL NUMBER IDENTIFIER
control field
SA-RiAUC
005 - DATE AND TIME OF LATEST TRANSACTION
control field
20260317125049.0
008 - FIXED-LENGTH DATA ELEMENTS--GENERAL INFORMATION
fixed length control field
260212q19001999xx g d 000r0 ara c
040 ## - CATALOGING SOURCE
Original cataloging agency
SA-RiKSU
Language of cataloging
ara
Transcribing agency
SA-RiAUC
Description conventions
rda
082 04 - DEWEY DECIMAL CLASSIFICATION NUMBER
Classification number
413
090 ## - LOCALLY ASSIGNED LC-TYPE CALL NUMBER (OCLC); LOCAL CALL NUMBER (RLIN)
Classification number (OCLC) (R) ; Classification number, CALL (RLIN) (NR)
م ن 413
Local cutter number (OCLC) ; Book number/undivided call number, CALL (RLIN)
ن ص ر
100 1# - MAIN ENTRY--PERSONAL NAME
Personal name
نصر الهوريني، نصر بن نصر يونس الوفائي،
Dates associated with a name
توفي 1291 هجري
Relator term
مؤلف.
245 10 - TITLE STATEMENT
Title
فوائد شريفة وقواعد لطيفة في معرفة اصطلاحات القاموس /
Statement of responsibility, etc.
أبو الوفا نصر بن الشيخ نصر يونس الوفائي الهوريني الأحمدي الأزهري الأشعري الحنفي الشافعي.
264 #0 - PRODUCTION, PUBLICATION, DISTRIBUTION, MANUFACTURE, AND COPYRIGHT NOTICE
Date of production, publication, distribution, manufacture, or copyright notice
[بين 1900 و1999]
300 ## - PHYSICAL DESCRIPTION
Extent
12 صفحة ؛
Dimensions
29 سم.
336 ## - CONTENT TYPE
Content type term
نص
Content type code
txt
Source
rdacontent
Materials specified
مخطوطة
337 ## - MEDIA TYPE
Media type term
بدون وسيط
Media type code
n
Source
rdamedia
338 ## - CARRIER TYPE
Carrier type term
مجلد
Carrier type code
nc
Source
rdacarrier
340 ## - PHYSICAL MEDIUM
Information recording technique
خط مغربي حديث.
500 ## - GENERAL NOTE
General note
أوله : بعد البسملة والديباجة حمدا لمن شرف بظهور أشرف الكاينات لسان العرب ... وبعد فلما كان كتاب القاموس منتشرا في جميع الأمصار بجمعه ما لم يجمعه غيره مع حسن الاختصار ... جمعت في ذلك فوايد اقتصفتها من مواضع متفرقة ... إلخ.
500 ## - GENERAL NOTE
General note
نسخة حسنة، الأوراق مفككة وبها تلويث خفيف.
500 ## - GENERAL NOTE
General note
ضمن مجموع.
500 ## - GENERAL NOTE
General note
آخره : ... والحاصل أنه قول يعتد بإطلاقاته على الإطلاق بل يحتاج الناظر في كتابه إلى النظر التام في علم اللغة ومعرفة قواعد الصرف ... وأما الناقد البصير فإن عاقبته إلى الحسنى تصير ونسأل الله حسن الختام بجاه نبيه عليه وعلى آله الصلوات والسلام.
510 4# - CITATION/REFERENCES NOTE
Name of source
الأداة التوثيقية : الأعلام، مجلد 8 ، صفحة 351-تاريخ الأدب العربي : الذيل، مجلد 2، 726-معجم المطبوعات العربية والمعربة، مجلد 2، صفحة 1902-1903-معجم المؤلفين : تراجم مصنفي الكتب العربية، مجلد 13، صفحة 93-هدية العارفين : أسماء المؤلفين وآثار المصنفين، مجلد 2، صفحة 492.
581 ## - PUBLICATIONS ABOUT DESCRIBED MATERIALS NOTE
Publications about described materials note
طبع مع شرح ديباجة القاموس كما ورد في الأعلام.
650 #7 - SUBJECT ADDED ENTRY--TOPICAL TERM
Topical term or geographic name entry element
اللغة العربية
Form subdivision
معاجم
--
مخطوطات
Source of heading or term
aucsh
942 ## - ADDED ENTRY ELEMENTS (KOHA)
Source of classification or shelving scheme
Dewey Decimal Classification
Koha item type
كتاب مصور نادر
Suppress in OPAC
No
949 ## - LOCAL PROCESSING INFORMATION (OCLC)
a
SA-JeALM
d
260212
u
mohamedma123
n
1
Holdings
Withdrawn status
Lost status
Source of classification or shelving scheme
Damaged status
Not for loan
Home library
Current library
Date acquired
Total checkouts
Full call number
Barcode
Date last seen
Price effective from
Koha item type
Dewey Decimal Classification
DR AbdElwahab Library
DR AbdElwahab Library
03/17/2026
م ن 413 ن ص ر
000023188
03/17/2026
03/17/2026
كتاب مصور نادر
Place hold
Print
Add to your cart
(remove)
Save record
BIBTEX
Dublin Core
MARCXML
MARC (non-Unicode/MARC-8)
MARC (Unicode/UTF-8)
MARC (Unicode/UTF-8, Standard)
MODS (XML)
RIS
ISBD
More searches
Search for this title in:
Other Libraries (WorldCat)
Other Databases (Google Scholar)
Online Stores (Bookfinder.com)
Open Library (openlibrary.org)
Exporting to Dublin Core...
×
Simple DC-RDF
OAI-DC
SRW-DC